| 000 -Etiqueta do registo | |
|---|---|
| campo de controlo de comprimento fixo | 01034nam a2200337 4500 |
| 001 - Identificador do registo | |
| Campo de controlo | 68339 |
| 010 ## - ISBN | |
| Número (ISBN) | 978-972-21-3124-7 |
| 021 ## - Nº depósito legal | |
| Código do país | Portugal |
| Número | 487929/21 |
| 100 ## - Dados Gerais de Proc. | |
| Dados gerais de processamento | 20230119d2021 m||y0pory50030103ba |
| 101 0# - Língua da publicação | |
| Língua do texto, banda sonora, etc. | Português |
| 102 ## - País de Publicação | |
| País de publicação | Portugal |
| 105 ## - Dados Codif. Livros | |
| Dados codificados dos livros | y z 000ay |
| 106 ## - Atributos Físicos | |
| Dados codificados do material textual | r |
| 200 1# - Título | |
| Título próprio | A confissão e a culpa |
| Primeira menção de responsabilidade | Germano Almeida |
| 210 #9 - Publicação, Distribuição | |
| Lugar da edição, distribuição, etc. | Alfragide |
| Nome do editor, distribuidor, etc. | Caminho |
| Data da publicação, distribuição, etc. | 2021 |
| 215 ## - Descrição física | |
| Descrição física | 245 p. |
| 225 ## - Colecção | |
| Título próprio da colecção | Trilogia do mindelo |
| Indicação de volume | 3 |
| 545 1# - Título da secção | |
| Título da secção | Triologia do Mindelo, v. 3 |
| 675 ## - CDU | |
| Notação | 821.134.3(665.8)-31"19/20" |
| Edição | BN |
| Língua da edição | Português |
| 700 ## - Responsabilidade principal | |
| Palavra de ordem | Almeida |
| Outra parte do nome | Germano |
| Datas | 1945- |
| Koha Internal Code | 6627 |
| 801 #0 - Fonte de origem | |
| País | Portugal |
| Agência | BN |
| Regras de catalogação | RPC |
| 090 ## - Números de controlo do sistema (Koha) | |
| Número biblioitem do Koha (gerado automaticamente) | 68339 |
| 942 ## - Elementos de entrada adicionados (Koha) | |
| Tipo de item no Koha | Monografias |
| Suprimido | Disponível no OPAC |
| Removido (estado) | Perdido (estado) | Data de aquisição | Origem do registo (biblioteca) (codificado) | Código da organização que empresta ou é detentora (biblioteca) | Código de barras | Local | Número de inventário | Cota | Tipo de circulação (não pode ser emprestado) | Tipo de item e material |
|---|---|---|---|---|---|---|---|---|---|---|
| Disponível | Disponível | 2023-01-19 | Biblioteca Municipal Álvaro de Campos | Biblioteca Municipal Álvaro de Campos | BMTAV61665 | Sala de Adultos | 61665 | R4 ALM | Normal | Monografias |